00369pab a2200121 454500008004000000100002400040245011200064260000900176300001300185362001200198650001100210773002600221180718b2005 xxu||||| |||| 00| 0 eng d aDeb, Sibnath et al. aPsychological stress of traffic police officers, causal factors behind the same and their coping strategies c2005 ap.16-30. aJul-Sep aPolice aIndian Police Journal